[Event "Gibraltar Masters 2014"]
[Site "Caleta ENG"]
[Date "2014.02.04"]
[Round "8.7"]
[White "Rapport,R"]
[Black "Wei Yi"]
[Result "1-0"]
[WhiteElo "2691"]
[BlackElo "2607"]

1.Nf3 Nf6 2.c4 e6 3.g3 Be7 4.Bg2 O-O 5.O-O d5 6.b3 b6 7.Bb2 Bb7 8.e3 c5 9.Nc3 Nc6
10.cxd5 Nxd5 11.Nxd5 Qxd5 12.d4 Qf5 13.Ne5 Nxe5 14.Bxb7 Rad8 15.Qe2 Qd3 16.Ba6 Qxe2
17.Bxe2 cxd4 18.Bxd4 Nc6 19.Bc3 Ba3 20.Rab1 Nb4 21.Bb2 Bxb2 22.Rxb2 Rc8 23.Rd1 Rfd8
24.Rxd8+ Rxd8 25.a3 Nd5 26.Rc2 Kf8 27.e4 Nf6 28.f3 Ke7 29.Kf2 Ne8 30.Bb5 Rd1
31.Ke2 Rb1 32.b4 Rh1 33.Rc8 Nd6 34.Rc7+ Kf6 35.Bd3 Rxh2+ 36.Ke3 g5 37.Rd7 Ne8
38.f4 Rh3 39.e5+ Kg7 40.Kf2 gxf4 41.gxf4 Kf8 42.f5 a5 43.b5 exf5 44.Bc4 Rxa3
45.Rxf7+ Kg8 46.Rf6+ Kg7 47.Rxb6 Rc3 48.Rb7+ Kh6 49.Bf7 Rc8 50.Re7 Nc7 51.b6 Na6
52.Ra7 Nb4 53.e6 Nd3+ 54.Ke3 Ne5 55.b7 Rb8 56.e7 Nxf7 57.Ra8  1-0

[Event "Gibraltar Masters 2014"]
[Site "Caleta ENG"]
[Date "2014.02.05"]
[Round "9.14"]
[White "Wei Yi"]
[Black "Tan Zhongyi"]
[Result "1-0"]
[WhiteElo "2607"]
[BlackElo "2483"]

1.e4 d6 2.d4 Nf6 3.Nc3 g6 4.Be3 a6 5.Nf3 Bg7 6.Qd2 O-O 7.Bh6 b5 8.Bd3 Nc6
9.e5 dxe5 10.dxe5 Bxh6 11.Qxh6 Ng4 12.Qf4 Ncxe5 13.Be4 Qd6 14.Nxe5 Nxe5 15.O-O c6
16.Rad1 Qc5 17.Rfe1 Be6 18.Bd5 cxd5 19.Rxe5 b4 20.Nxd5 Rfd8 21.Qe4 Rac8 22.h4 Kf8
23.Rd3 Qxc2 24.Rxe6 fxe6 25.Rf3+ Ke8 26.Nf6+ Kf7 27.Nh5+ Ke8 28.Nf6+ Kf7
29.Nh5+ Ke8 30.Ng7+ Kd7 31.Rd3+ Kc7 32.Rc3+ Qxc3 33.bxc3 bxc3 34.Nxe6+ Kd7
35.Nd4 Ke8 36.Nc6 Rc7 37.Qa4 Rd2 38.Nd4+ Kf7 39.Qb3+ Ke8 40.Nc2 Kd8 41.Qa4 a5
42.Qe4 Kd7 43.g4 Rc5 44.Kg2 Kd6 45.Qf4+ Kd7 46.Qa4+ Kd6 47.Kg3 Rd3+ 48.f3 Rd2
49.Qb3 Kc7 50.Kf4 h6 51.Ke4 Re2+ 52.Kf4 Rd2 53.Kg3 Rc6 54.Qa4 Rc5 55.Qe4 Kd7
56.Qxg6 Re5 57.Qa6 Ree2 58.Qb5+ Kc8 59.Qc5+ Kd7 60.Nd4 Rg2+ 61.Kf4 e5+ 62.Kxe5 c2
63.Qc6+ Kd8 64.Ne6+ Ke7 65.Qc7+ Rd7 66.Qc5+  1-0

[Event "Gibraltar Masters 2014"]
[Site "Caleta ENG"]
[Date "2014.02.06"]
[Round "10.5"]
[White "Wei Yi"]
[Black "Adams,Mi"]
[Result "1/2-1/2"]
[WhiteElo "2607"]
[BlackElo "2754"]

1.e4 e5 2.Nf3 Nc6 3.Nc3 Nf6 4.Bb5 Nd4 5.Bc4 Bc5 6.Nxe5 Qe7 7.Nf3 d5 8.Bxd5 Bg4
9.d3 O-O-O 10.Be3 Nxd5 11.Nxd5 Rxd5 12.exd5 Re8 13.c3 Nxf3+ 14.gxf3 Qh4 15.Kd2 Rxe3
16.fxe3 Qf2+ 17.Kc1 Bxf3 18.Qe1 Bxe3+ 19.Kb1 Bxh1 20.Qxh1 Qe2 21.a4 Qxd3+
22.Ka2 Qc4+ 23.Kb1 Qd3+ 24.Ka2 Qc4+ 25.Kb1 Qd3+ 26.Ka2 Qc4+ 27.Kb1 Qd3+ 28.Ka2 Qc4+
29.Kb1 Qd3+ 30.Ka2 Qc4+  1/2-1/2

[Event "ch-CHN 2014"]
[Site "Xinghua CHN"]
[Date "2014.03.11"]
[Round "1.1"]
[White "Wei Yi"]
[Black "Xiu Deshun"]
[Result "1-0"]
[WhiteElo "2625"]
[BlackElo "2571"]

1.e4 e5 2.Bc4 Nf6 3.Nc3 Nc6 4.d3 Na5 5.Qf3 d6 6.h3 Be7 7.Nge2 c6 8.a4 Nxc4
9.dxc4 Be6 10.b3 d5 11.exd5 cxd5 12.cxd5 Bxd5 13.Qg3 O-O 14.O-O Ne4 15.Qxe5 Nxc3
16.Nxc3 Bc6 17.Rd1 Bf6 18.Qc5 Qc8 19.Bb2 Bxg2 20.Qxc8 Rfxc8 21.Kxg2 Bxc3
22.Bxc3 Rxc3 23.Rd7 Rxc2 24.Rad1 h6 25.Rxb7 a5 26.Rdd7 Ra6 27.Rxf7 Rg6+ 28.Kh2 Rc1
29.Rf3 Rgg1 30.Rb5 Rh1+ 31.Kg3 Rhg1+ 32.Kf4 Rg6 33.Rxa5 Rb6 34.Rd5 Rb4+ 35.Ke5 Kh7
36.Rb5 Rxb5+ 37.axb5 Rc5+ 38.Kd4 Rxb5 39.Kc4 Rb8 40.b4  1-0

[Event "ch-CHN 2014"]
[Site "Xinghua CHN"]
[Date "2014.03.12"]
[Round "2.6"]
[White "Wei Yi"]
[Black "Lin Chen"]
[Result "1-0"]
[WhiteElo "2625"]
[BlackElo "2475"]

1.e4 e5 2.Bc4 Nc6 3.d3 Nf6 4.Nc3 Be7 5.f4 d6 6.Nf3 O-O 7.f5 Na5 8.g4 Nxg4
9.Rg1 Nf6 10.Bh6 Ne8 11.Qd2 Nxc4 12.dxc4 f6 13.O-O-O Rf7 14.Rg3 c6 15.Rdg1 Bf8
16.Rh3 Qc7 17.Qf2 d5 18.cxd5 Bb4 19.Bd2 Bxc3 20.Bxc3 cxd5 21.Qh4 Qc5 22.Qxh7+ Kf8
23.Rd1 d4 24.Nh4 Nd6 25.Rhd3 Rc7 26.Qh8+ Kf7 27.Rg3 Bxf5 28.Rxg7+ Ke6 29.exf5+ Nxf5
30.Rxc7 Rxh8 31.Rxc5 Rxh4 32.Be1 Rxh2 33.c3 Re2 34.cxd4 Ne3 35.Bd2  1-0

[Event "ch-CHN 2014"]
[Site "Xinghua CHN"]
[Date "2014.03.13"]
[Round "3.2"]
[White "Yu Yangyi"]
[Black "Wei Yi"]
[Result "1-0"]
[WhiteElo "2664"]
[BlackElo "2625"]

1.e4 c5 2.Nf3 d6 3.d4 cxd4 4.Nxd4 Nf6 5.Nc3 a6 6.Bg5 e6 7.f4 Qb6 8.Qd2 Qxb2
9.Rb1 Qa3 10.e5 dxe5 11.fxe5 Nfd7 12.Ne4 h6 13.Bh4 Qxa2 14.Rd1 Qd5 15.Qe3 Qxe5
16.Be2 Bc5 17.Bg3 Bxd4 18.Rxd4 Qa5+ 19.Rd2 O-O 20.Bd6 f5 21.Bxf8 Nxf8 22.Nd6 Nbd7
23.g4 fxg4 24.Bxg4 Qa1+ 25.Bd1 Qe5 26.Qxe5 Nxe5 27.O-O Bd7 28.Re1 Neg6 29.Nxb7 Nf4
30.h4 Rc8 31.Rd4 g5 32.hxg5 Nh3+ 33.Kh2 Nxg5 34.c4 Rc7 35.Nd6 Ng6 36.Re3 Kg7
37.Kg3 Kf6 38.Bc2 a5 39.Ra3 e5 40.Rd1 Nf4 41.Rxa5 Ne2+ 42.Kf2 Nd4 43.Ra6 Nh3+
44.Kg3 Ke7 45.Be4 Ng5 46.Bd5 Nge6 47.Ne4 Nf4 48.Rda1 Nf5+ 49.Kf3 Nd4+ 50.Kg3 Nf5+
51.Kf2 Nxd5 52.cxd5 Rc4 53.Re1 Rc2+ 54.Kg1 Nd4 55.Rf1 Ne2+ 56.Kh1 Nf4 57.Rg1 Bh3
58.Ra7+ Kf8 59.d6 Bf5 60.Nf6  1-0

[Event "ch-CHN 2014"]
[Site "Xinghua CHN"]
[Date "2014.03.14"]
[Round "4.5"]
[White "Wei Yi"]
[Black "Zeng Chongsheng"]
[Result "1-0"]
[WhiteElo "2625"]
[BlackElo "2520"]

1.e4 c5 2.Nf3 e6 3.d4 cxd4 4.Nxd4 Qb6 5.Be3 Qxb2 6.Nd2 a6 7.Bd3 Qc3 8.O-O Qc7
9.Rb1 Nf6 10.Qf3 d6 11.Qg3 Nbd7 12.f4 Nc5 13.f5 e5 14.N4f3 b5 15.Kh1 Bb7
16.Bxc5 Qxc5 17.a4 b4 18.Bc4 Ra7 19.Ng5 Bc6 20.Qb3 d5 21.exd5 Bxd5 22.Rfe1 Bd6
23.Bxd5 Qxd5 24.Nc4 Rc7 25.Nxf7 Kxf7 26.Nxd6+ Ke7 27.Qg3 Kxd6 28.Rbd1 Re8  1-0

[Event "ch-CHN 2014"]
[Site "Xinghua CHN"]
[Date "2014.03.15"]
[Round "5.3"]
[White "Ma Qun"]
[Black "Wei Yi"]
[Result "1/2-1/2"]
[WhiteElo "2606"]
[BlackElo "2625"]

1.e4 c5 2.Nf3 d6 3.d4 cxd4 4.Nxd4 Nf6 5.Nc3 a6 6.Be3 e5 7.Nf3 Be7 8.Bc4 O-O
9.O-O Nc6 10.Re1 Be6 11.Nd5 Bxd5 12.exd5 b5 13.Bf1 Nb4 14.c4 bxc4 15.Bxc4 Qa5
16.Bd2 Qc5 17.Rc1 Nbxd5 18.Bg5 Qa5 19.Bxd5 Qxd5 20.Bxf6 Qxd1 21.Rcxd1 Bxf6
22.Rxd6 Rfb8 23.b3 a5 24.Nxe5 Bxe5 25.Rxe5 a4 26.Re1 axb3 27.axb3 Rxb3 28.h3 g6
29.Kf1 Rbb8 30.Kg1  1/2-1/2

[Event "ch-CHN 2014"]
[Site "Xinghua CHN"]
[Date "2014.03.17"]
[Round "6.4"]
[White "Wei Yi"]
[Black "Wen Yang"]
[Result "1/2-1/2"]
[WhiteElo "2625"]
[BlackElo "2591"]

1.e4 e5 2.Nf3 Nc6 3.Bb5 Nf6 4.O-O Nxe4 5.d4 Nd6 6.Bxc6 dxc6 7.dxe5 Nf5 8.Qxd8+ Kxd8
9.h3 Ke8 10.Nc3 h5 11.b3 Be7 12.Bb2 Nh4 13.Nd4 Nf5 14.Nde2 b6 15.Rfd1 a5
16.Ne4 a4 17.c4 h4 18.Rd2 axb3 19.axb3 Rxa1+ 20.Bxa1 Bb7 21.c5 bxc5 22.Rc2 c4
23.bxc4 c5 24.N2c3 Bxe4 25.Nxe4 Kd7 26.Rd2+ Ke6 27.Rd5 Ra8 28.Bc3 Ra3 29.Kf1 c6
30.Rd3 Nd4 31.Nd2 Kf5 32.Nf3 Rb3 33.Nd2 Ra3 34.Nf3 Ke6 35.Nd2 g6 36.Ke1 Kf5
37.Nf3 Nc2+ 38.Kd1 Nb4 39.Re3 Ke6 40.Nd2 Ra2 41.Rf3 Ra8 42.Ke2 Rd8 43.Nb3 Nc2  1/2-1/2

[Event "ch-CHN 2014"]
[Site "Xinghua CHN"]
[Date "2014.03.18"]
[Round "7.4"]
[White "Hou Yifan"]
[Black "Wei Yi"]
[Result "1/2-1/2"]
[WhiteElo "2629"]
[BlackElo "2625"]

1.e4 c5 2.Nf3 d6 3.d4 cxd4 4.Nxd4 Nf6 5.Nc3 a6 6.Be2 e5 7.Nb3 Be7 8.Bg5 Be6
9.Bxf6 Bxf6 10.Qd3 Nc6 11.O-O-O Qb6 12.Nd5 Bxd5 13.exd5 Nd4 14.Nxd4 Qxd4
15.Qxd4 exd4 16.Bd3 O-O-O 17.f4 h5 18.a4 Rde8 19.b4 Re3 20.Kb2 Kb8 21.a5 Ka7
22.Ra1 h4 23.Kb3 g6 24.Rhe1 Rc8 25.Reb1 Rc3+ 26.Ka4 Bd8 27.Rb3 Rxb3 28.Kxb3 Bf6
29.Kc4 Kb8 30.b5 axb5+ 31.Kxb5 Re7 32.Ka4 Rc7 33.Re1 g5 34.g3 hxg3 35.hxg3 gxf4
36.gxf4 Rc5 37.Re8+ Rc8 38.Re2 Rc5 39.Rg2 Rc8 40.Rg1 Ka7 41.Rh1 Rh8 42.Rb1 Rc8
43.Rb6 Be7 44.f5 Rc5 45.f6 Rxa5+ 46.Kxa5  1/2-1/2

[Event "ch-CHN 2014"]
[Site "Xinghua CHN"]
[Date "2014.03.19"]
[Round "8.3"]
[White "Wei Yi"]
[Black "Zhao Jun"]
[Result "1/2-1/2"]
[WhiteElo "2625"]
[BlackElo "2608"]

1.e4 e5 2.Bc4 Nf6 3.d3 Nc6 4.Nc3 Na5 5.Nge2 Be7 6.O-O O-O 7.a4 Nxc4 8.dxc4 d6
9.Qd3 Be6 10.b3 Nd7 11.Ng3 a5 12.Ba3 Bg5 13.Rad1 b6 14.Nd5 Nc5 15.Qe2 Bxd5
16.cxd5 Bf4 17.Nh5 Bh6 18.Ng3 Bf4 19.Nh5 Bh6 20.Ng3 g6 21.Qg4 Bf4 22.Bc1 Bxc1
23.Rxc1 Qd7 24.Qh4 f5 25.exf5 gxf5 26.f4 e4 27.Nh5 Kh8 28.g4 fxg4 29.f5 Qf7
30.f6 Nd7 31.Qxg4 Qg6 32.Qxg6 hxg6 33.Nf4 Rxf6 34.Ne6 Rc8 35.c4 Kg8 36.Rxf6 Nxf6
37.Rf1 Kf7 38.Ng5+  1/2-1/2

[Event "ch-CHN 2014"]
[Site "Xinghua CHN"]
[Date "2014.03.20"]
[Round "9.5"]
[White "Zhou Jianchao"]
[Black "Wei Yi"]
[Result "1/2-1/2"]
[WhiteElo "2565"]
[BlackElo "2625"]

1.c4 Nf6 2.Nc3 e6 3.Nf3 d5 4.d4 c5 5.cxd5 cxd4 6.Qa4+ Bd7 7.Qxd4 exd5 8.Bg5 Nc6
9.Qd2 Be6 10.e3 Be7 11.Bd3 O-O 12.O-O h6 13.Bf4 a6 14.h3 b5 15.Rac1 Rc8 16.a4 b4
17.Nb1 Qb6 18.Qe2 a5 19.Ba6 Ra8 20.Bb5 Rfc8 21.Nbd2 Na7 22.Nd4 Rxc1 23.Rxc1 Rc8
24.Rxc8+ Bxc8 25.N2b3 Ne4 26.Qc2 Nc5 27.Nxc5 Qxc5 28.Bd3 Bd7 29.Bc7 Bxa4
30.b3 Bd7 31.Qxc5 Bxc5 32.Bxa5 Nc6 33.Nxc6 Bxc6 34.Bc7  1/2-1/2

[Event "ch-CHN 2014"]
[Site "Xinghua CHN"]
[Date "2014.03.22"]
[Round "11.6"]
[White "Liu Qingnan"]
[Black "Wei Yi"]
[Result "1/2-1/2"]
[WhiteElo "2501"]
[BlackElo "2625"]

1.e4 c5 2.Nf3 d6 3.d4 cxd4 4.Qxd4 Nf6 5.Nc3 a6 6.Be3 Nc6 7.Qb6 Qxb6 8.Bxb6 Bg4
9.Nd2 g6 10.f4 Be6 11.O-O-O Bg7 12.h3 h5 13.Be2 Rc8 14.Nb3 Nb4 15.a3 Bxb3
16.axb4 Bc4 17.Bf3 Nd7 18.Be3 Bxc3 19.bxc3 f6 20.g4 hxg4 21.Bxg4 Bb5 22.Bd4 e5
23.fxe5 dxe5 24.Bc5 Rc7 25.Rd6 Nxc5 26.bxc5 Rf8 27.h4 Rxc5 28.h5 gxh5 29.Rxh5 Rg8
30.Bf5 Rxc3 31.Rh7 Rg2 32.Re6+ Kf8 33.Rxf6+ Kg8 34.Rxb7 Rgxc2+ 35.Kb1 Rc1+
36.Kb2 R3c2+ 37.Ka3 Ra1+ 38.Kb4 Rb1+ 39.Ka3 Ra1+ 40.Kb4 Rb1+  1/2-1/2

[Event "TCh-CHN Division A 2014"]
[Site "Jiangmen CHN"]
[Date "2014.04.12"]
[Round "1.2"]
[White "Zhao Jun"]
[Black "Wei Yi"]
[Result "1/2-1/2"]
[WhiteElo "2610"]
[BlackElo "2629"]

1.e4 c5 2.Nf3 d6 3.c3 Nf6 4.Be2 g6 5.O-O Bg7 6.Bb5+ Bd7 7.Bxd7+ Qxd7 8.Re1 O-O
9.d4 d5 10.e5 Ne4 11.Nbd2 cxd4 12.cxd4 Nxd2 13.Bxd2 Nc6 14.Qb3 Rfc8 15.Rac1 Nd8
16.h3 Ne6 17.Qa3 a6 18.Qb4 Bf8 19.b3 Rxc1 20.Rxc1 Rc8 21.Rxc8 Qxc8 22.Qc3 Qxc3
23.Bxc3 Nd8 24.Kf1 Nc6 25.Ke2 f6 26.exf6 exf6 27.Ne1 Bd6 28.Nc2 Kf7 29.Kd3 Ke6
30.Bd2 Ne7  1/2-1/2

[Event "TCh-CHN Division A 2014"]
[Site "Jiangmen CHN"]
[Date "2014.04.13"]
[Round "2.5"]
[White "Wei Yi"]
[Black "Lu Shanglei"]
[Result "1-0"]
[WhiteElo "2629"]
[BlackElo "2556"]

1.e4 c5 2.Nf3 d6 3.d4 cxd4 4.Nxd4 Nf6 5.Nc3 a6 6.Be3 e5 7.Nb3 Be6 8.f3 Be7
9.Qd2 O-O 10.O-O-O Nbd7 11.g4 b5 12.g5 b4 13.gxf6 bxc3 14.Qxc3 Nxf6 15.Na5 Qd7
16.Nc6 Rfc8 17.Nxe7+ Qxe7 18.Qa5 Qb7 19.Rxd6 Nxe4 20.Rd3 Nd6 21.Qxe5 Nc4
22.Qd4 Nxe3 23.Rxe3 Rd8 24.Qe5 Rac8 25.Bd3 Bxa2 26.Bf5 Qb4 27.c3 Rc4 28.Bc2 Qc5
29.Qe8+ Qf8 30.Qxf8+ Kxf8 31.b3 Rh4 32.Re2 Bxb3 33.Bxb3 Rd3 34.Rd1 Rxc3+
35.Kb2 Rc8 36.Rd7 Rf4 37.Ree7  1-0

[Event "TCh-CHN Division A 2014"]
[Site "Jiangmen CHN"]
[Date "2014.04.14"]
[Round "3.3"]
[White "Wang Rui"]
[Black "Wei Yi"]
[Result "0-1"]
[WhiteElo "2398"]
[BlackElo "2629"]

1.d4 Nf6 2.Nf3 c5 3.e3 g6 4.Be2 Bg7 5.O-O cxd4 6.exd4 O-O 7.c4 d5 8.Nc3 Nc6
9.h3 dxc4 10.Bxc4 Na5 11.Bd3 Be6 12.Re1 Rc8 13.Bg5 a6 14.Qe2 Re8 15.Rad1 Nd5
16.Ne4 Nb4 17.b3 Nxd3 18.Rxd3 Nc6 19.Qd2 Bd5 20.Bh6 Bh8 21.Ne5 Qa5 22.Nc3 Be6
23.Nc4 Bxc4 24.bxc4 Rcd8 25.d5 Ne5 26.Rd4 Qc5 27.Ree4 f5 28.Rh4 Nf7 29.Be3 Bxd4
30.Rxd4 Qc7 31.g4 fxg4 32.hxg4 Rf8 33.Kg2 Qc8 34.Qe2 b5 35.Re4 bxc4 36.Bd4 Rfe8
37.Re6 Rd6 38.f4 Qa8 39.Kf2 Rxd5 40.Nxd5 Qxd5 41.Bc3 Nd6 42.Re5 Qd3 43.Ke1 Rc8
44.Bb4  0-1

[Event "TCh-CHN Division A 2014"]
[Site "Jiangmen CHN"]
[Date "2014.04.15"]
[Round "4.4"]
[White "Wei Yi"]
[Black "Zhou Weiqi"]
[Result "1-0"]
[WhiteElo "2629"]
[BlackElo "2606"]

1.e4 e5 2.Nf3 Nc6 3.Bc4 Bc5 4.c3 Nf6 5.b4 Bb6 6.d3 O-O 7.a4 a6 8.Bg5 d6 9.Nbd2 h6
10.Bh4 Be6 11.O-O Qe7 12.Re1 Ba7 13.a5 Nb8 14.d4 Nbd7 15.h3 c6 16.Qb3 Rfe8
17.Rad1 g5 18.dxe5 Nxe5 19.Nxe5 dxe5 20.Bg3 Rad8 21.Bxe6 Qxe6 22.Qxe6 Rxe6
23.Nc4 Rxd1 24.Rxd1 Nxe4 25.Rd8+ Kh7 26.Rd7 Nxg3 27.Rxf7+ Kg6 28.Rxb7 Bxf2+
29.Kxf2 Ne4+ 30.Ke1 Nxc3 31.Rb6 Nd5 32.Rxa6 Kf5 33.Ra8 Nxb4 34.a6 Re7 35.a7 Ke6
36.Na5 c5 37.Nb7 Nc6 38.Nxc5+ Kd5 39.Rd8+ Nxd8 40.a8=Q+ Nc6 41.Nb7 e4 42.Qa6  1-0

[Event "13th Asian Continental 2014"]
[Site "Sharjah UAE"]
[Date "2014.04.17"]
[Round "1.9"]
[White "Wang,Yiye"]
[Black "Wei Yi"]
[Result "1/2-1/2"]
[WhiteElo "2415"]
[BlackElo "2629"]

1.e4 c5 2.Nf3 d6 3.Nc3 a6 4.a4 g6 5.Bc4 Bg7 6.O-O Nc6 7.d3 Nf6 8.Re1 O-O
9.h3 e6 10.Bb3 d5 11.Bg5 h6 12.exd5 exd5 13.Bxf6 Bxf6 14.Qd2 Kh7 15.Nxd5 Bxb2
16.Rab1 Bg7 17.Qf4 Na5 18.Bc4 Bf5 19.Rb6 Be6 20.Rd6 Qb8 21.Re4 Nxc4 22.dxc4 Rd8
23.Rxd8 Qxd8 24.Nc7 g5 25.Qg3 Rc8 26.Nxe6 fxe6 27.Rxe6 Qd1+ 28.Ne1 Rd8 29.Re7 Qa1
30.Kh2 Rd1 31.Qe3 Qd4 32.Nd3 Qxe3 33.fxe3 b6 34.Rb7 Rd2 35.Rxb6 Rxc2 36.Rxa6 Rxc4
37.Rc6 Rxa4  1/2-1/2

[Event "13th Asian Continental 2014"]
[Site "Sharjah UAE"]
[Date "2014.04.18"]
[Round "2.16"]
[White "Wei Yi"]
[Black "Xu,Yinglun"]
[Result "1/2-1/2"]
[WhiteElo "2629"]
[BlackElo "2381"]

1.e4 c5 2.Nf3 d6 3.d4 cxd4 4.Nxd4 Nf6 5.Nc3 e6 6.Be3 a6 7.Be2 Be7 8.Qd2 Qc7
9.O-O-O b5 10.a3 O-O 11.g4 Bb7 12.f3 Nc6 13.h4 Nxd4 14.Bxd4 e5 15.Bf2 Rac8
16.g5 Nh5 17.Be3 Ng3 18.Rhg1 Nxe2+ 19.Qxe2 Qc4 20.Qxc4 Rxc4 21.Nd5 Bxd5 22.Rxd5 f5
23.Kd2 Rfc8 24.Rc1 fxe4 25.b3 Rc3 26.fxe4 Kf7 27.Rd3 Rxd3+ 28.Kxd3 Kg6 29.c4 Kh5
30.cxb5 Rxc1 31.Bxc1 axb5 32.a4 bxa4 33.bxa4 Bd8 34.Kc4 Kxh4 35.Kd5 Ba5 36.Kxd6 Bc3
37.Ke6 Kg4 38.Kf7 h5 39.g6 h4 40.Kxg7 h3 41.Kf8 h2 42.g7 Kf3 43.g8=Q h1=Q
44.Qf7+ Kg3 45.Qg6+ Kf3 46.Bg5 Qh3 47.Ke7 Bb4+ 48.Ke8 Qg4  1/2-1/2

[Event "13th Asian Continental 2014"]
[Site "Sharjah UAE"]
[Date "2014.04.19"]
[Round "3.15"]
[White "Akshat,Kh"]
[Black "Wei Yi"]
[Result "0-1"]
[WhiteElo "2374"]
[BlackElo "2629"]

1.d4 Nf6 2.c4 g6 3.Nc3 d5 4.cxd5 Nxd5 5.e4 Nxc3 6.bxc3 Bg7 7.Nf3 c5 8.Rb1 O-O
9.Be2 b6 10.O-O Qc7 11.Bg5 Nc6 12.dxc5 Ne5 13.cxb6 axb6 14.Qb3 Ba6 15.Nd4 Bxe2
16.Nxe2 Nc4 17.Rbd1 Rfc8 18.a4 Qe5 19.Bc1 Qxe4 20.Rfe1 Qb7 21.Nd4 e6 22.Nb5 Qa6
23.Nd6 Nxd6 24.Rxd6 Bxc3 25.Red1 Bg7 26.g3 h5 27.Qf3 Qxa4 28.Rd7 Rf8 29.Be3 Rab8
30.Re7 b5 31.Bc5 Qc4 32.Rc7 Rbc8 33.Rdd7 Rxc7 34.Rxc7 Be5 35.Rc6 Ra8 36.Bd6 Ra1+
37.Kg2 Qf1+  0-1

[Event "13th Asian Continental 2014"]
[Site "Sharjah UAE"]
[Date "2014.04.20"]
[Round "4.7"]
[White "Wei Yi"]
[Black "Idani,P"]
[Result "1-0"]
[WhiteElo "2629"]
[BlackElo "2502"]

1.e4 e5 2.Nf3 Nc6 3.Bc4 Bc5 4.b4 Bxb4 5.c3 Be7 6.d4 Na5 7.Bd3 d6 8.dxe5 dxe5
9.Nxe5 Nf6 10.O-O O-O 11.Qc2 Bd6 12.Nf3 Nc6 13.Nbd2 Re8 14.h3 h6 15.Nc4 Nd7
16.Rd1 Qf6 17.Nd4 Nde5 18.Nxd6 cxd6 19.Bf1 Qg6 20.f4 Nxd4 21.cxd4 Nc6 22.f5 Qf6
23.Bb2 d5 24.exd5 Ne7 25.Re1 Bxf5 26.Qb3 b6 27.Bb5 Red8 28.Re5 Ng6 29.Re3 Nf4
30.Rf1 Qg5 31.Rg3 Qh4 32.Rgf3 g5 33.g3 Nxh3+ 34.Kh2  1-0

[Event "13th Asian Continental 2014"]
[Site "Sharjah UAE"]
[Date "2014.04.21"]
[Round "5.2"]
[White "Yu Yangyi"]
[Black "Wei Yi"]
[Result "1/2-1/2"]
[WhiteElo "2667"]
[BlackElo "2629"]

1.e4 c5 2.Nf3 d6 3.d4 cxd4 4.Nxd4 Nf6 5.Nc3 a6 6.Bg5 e6 7.f4 Qb6 8.Qd2 Qxb2
9.Rb1 Qa3 10.e5 h6 11.Bh4 dxe5 12.fxe5 g5 13.exf6 gxh4 14.Be2 Qa5 15.O-O Nd7
16.Kh1 Qg5 17.Rf4 e5 18.Nd5 exd4 19.Qxd4 Kd8 20.Ne7 Qe5 21.Qd2 Bxe7 22.fxe7+ Qxe7
23.Bg4 f5 24.Rxf5 Re8 25.Rd1 Kc7 26.Rf7 Qxf7 27.Qd6+ Kd8 28.Qb6+ Ke7 29.Qd6+ Kd8
30.Qb6+ Ke7 31.Re1+ Kf8 32.Qxh6+ Kg8 33.Qg5+ Kf8 34.Qh6+ Kg8 35.Qg5+ Kf8
36.Qh6+  1/2-1/2

[Event "13th Asian Continental 2014"]
[Site "Sharjah UAE"]
[Date "2014.04.22"]
[Round "6.6"]
[White "Wei Yi"]
[Black "Wen Yang"]
[Result "1/2-1/2"]
[WhiteElo "2629"]
[BlackElo "2581"]

1.e4 e5 2.Nf3 Nc6 3.Bc4 Nf6 4.d3 h6 5.c3 d6 6.Nbd2 g6 7.O-O Bg7 8.Re1 O-O
9.a4 Kh8 10.Nf1 Nh5 11.g3 Qe8 12.Ne3 Bd7 13.d4 f5 14.exf5 gxf5 15.Nd5 Rc8
16.Nh4 Kh7 17.b4 Nf6 18.Qc2 e4 19.Nf4 Ne7 20.Ne6 Rh8 21.Bb3 Ng6 22.Nxg6 Qxg6
23.Nf4 Qe8 24.Qa2 Qe7 25.Bf7 Be8 26.Be6 Bd7 27.Bf7 Be8 28.Be6  1/2-1/2

[Event "13th Asian Continental 2014"]
[Site "Sharjah UAE"]
[Date "2014.04.23"]
[Round "7.5"]
[White "Ghaem Maghami,E"]
[Black "Wei Yi"]
[Result "1-0"]
[WhiteElo "2556"]
[BlackElo "2629"]

1.Nf3 Nf6 2.c4 g6 3.Nc3 d5 4.cxd5 Nxd5 5.Qb3 Nb6 6.d4 Bg7 7.Bg5 Be6 8.Qc2 h6
9.Bh4 Nc6 10.Rd1 O-O 11.e3 Nb4 12.Qb1 Bf5 13.e4 Bg4 14.d5 f5 15.a3 g5 16.Bg3 f4
17.axb4 fxg3 18.hxg3 Rxf3 19.Be2 Rxc3 20.Bxg4 Rc4 21.Be6+ Kh8 22.e5 Qe8 23.Qf5 Rd8
24.f3 Nxd5 25.Qxg5 Qf8 26.Rxd5 Rxd5 27.Bxd5 Rxb4 28.Qg6 e6 29.Be4 Rxe4+ 30.Qxe4 Qc5
31.Kd1 Qf2 32.Kc1 Qxg3 33.f4 Bf8 34.Qf3 Qxf3 35.gxf3 Kh7 36.Rd1 Kg6 37.Rd7 h5
38.Kd2 h4 39.f5+ exf5 40.Ke2 Bh6 41.Rxc7 Bf4 42.Re7 h3 43.Kf1 b6 44.b3 a5
45.Re6+ Kg5 46.Re8 Kg6 47.Re7 b5 48.e6 Kf6 49.Rb7 Kxe6 50.Rxb5 Bc7 51.Rc5 Bd8
52.f4 Bh4 53.Re5+ Kf6 54.Rxa5 Kg6 55.b4 Bg3 56.b5 Bxf4 57.b6 Kg5 58.b7 Kg4
59.Ra4 Kg3 60.Rxf4 h2 61.Rh4  1-0

[Event "13th Asian Continental 2014"]
[Site "Sharjah UAE"]
[Date "2014.04.24"]
[Round "8.10"]
[White "Wei Yi"]
[Black "Wang Chen"]
[Result "1/2-1/2"]
[WhiteElo "2629"]
[BlackElo "2513"]

1.e4 Nf6 2.e5 Nd5 3.d4 d6 4.Nf3 dxe5 5.Nxe5 c6 6.Be2 Bf5 7.O-O Nd7 8.Nf3 e6
9.c4 N5f6 10.Nc3 Bd6 11.Nh4 O-O 12.Be3 Qc7 13.g4 Bg6 14.f4 Ne4 15.c5 Nxc3
16.bxc3 Be7 17.Nxg6 fxg6 18.Bc4 Kh8 19.Bxe6 b6 20.cxb6 Nxb6 21.Qf3 Bd6 22.f5 gxf5
23.gxf5 Rae8 24.Qh3 Nd5 25.Rf3 Bf4 26.Bf2 Rf6 27.Qg2 g5 28.Bg3 Ne3 29.Qh3 Ref8
30.Re1 Nxf5 31.Bxf5 Rxf5 32.Re8 Qf7 33.Rxf8+ Qxf8 34.Qf1 Qe7 35.Qd3 Rf6 36.Kg2 Qa3
37.Qe2 Qd6 38.Qe8+ Kg7 39.Qe4 Qd5 40.Qxd5 cxd5 41.Bxf4 gxf4 42.Rf2 Rc6  1/2-1/2

[Event "13th Asian Continental 2014"]
[Site "Sharjah UAE"]
[Date "2014.04.25"]
[Round "9.8"]
[White "Kunte,A"]
[Black "Wei Yi"]
[Result "0-1"]
[WhiteElo "2470"]
[BlackElo "2629"]

1.Nf3 Nf6 2.c4 g6 3.Nc3 d5 4.d4 Bg7 5.e3 O-O 6.Bd2 e6 7.b4 Ne4 8.Bd3 Nxd2
9.Qxd2 dxc4 10.Bxc4 b6 11.O-O Bb7 12.Rfd1 Qe7 13.Rab1 Rd8 14.Qe2 a5 15.b5 Nd7
16.Bd3 f5 17.e4 Kh8 18.Rbc1 Re8 19.Re1 Qd6 20.Bc4 Bxd4 21.e5 Bxf3 22.exd6 Bxe2
23.Nxe2 Be5 24.dxc7 Rac8 25.Bb3 Bxc7 26.Nd4 Nc5 27.Bxe6 Rcd8 28.Nc6 Rd2 29.Bc4 Rxe1+
30.Rxe1 Bd6 31.g3 Ne4 32.Re2 Rxe2 33.Bxe2 Bc5 34.Kg2 Nxf2 35.Nd8 Ne4 36.Ne6 Bd6
37.Bd3 Nf6 38.Bc4 Kg8 39.h3 Kf7 40.Nc7+ Kf8 41.Nd5 Nd7 42.g4 fxg4 43.hxg4 Kg7
44.Kh3 Bc5 45.Kg3 Bd6+ 46.Kh3 Be5 47.Bb3 Bd4 48.Kh4 Bf2+ 49.Kh3 Be1 50.g5 Bf2
51.Kg4 Bd4 52.Nc7 h5+ 53.gxh6+ Kxh6 54.Ne6 Be5 55.Bc2 Nf6+ 56.Kh4 Nd5 57.Bb3 Ne3
58.a4 g5+ 59.Nxg5 Bf6 60.Kg3 Kxg5 61.Kf3 Bd4 62.Ke4 Bc5 63.Be6 Kh4 64.Kf3 Nd1
65.Bb3 Nc3 66.Kg2 Kg4 67.Kf1 Kf4 68.Ke1 Be3  0-1

[Event "27th Leon GM 2014"]
[Site "Leon ESP"]
[Date "2014.06.08"]
[Round "2.6"]
[White "Wei Yi"]
[Black "Vallejo Pons,F"]
[Result "1-0"]
[WhiteElo "2634"]
[BlackElo "2698"]

1.b3 d5 2.Bb2 Bg4 3.f3 Bf5 4.e3 Nf6 5.g4 Bc8 6.g5 Nfd7 7.Nc3 e6 8.f4 c5 9.Nf3 Nc6
10.Qe2 a6 11.h4 Rg8 12.f5 Nb6 13.g6 hxg6 14.fxg6 f6 15.d4 Qc7 16.O-O-O Bd7
17.Bh3 O-O-O 18.Kb1 f5 19.Ng5 c4 20.e4 dxe4 21.d5 exd5 22.Nxd5 Nxd5 23.Rxd5 c3
24.Bxc3 Ne7 25.Rd4 Nxg6 26.Rc4 Bc5 27.b4 Bb5 28.bxc5 Nf4 29.Bxf5+ Kb8 30.Qxe4 Rge8
31.Ne6 Rxe6 32.Bxe6 Bc6 33.Be5  1-0

[Event "5th Hainan Danzhou 2014"]
[Site "Danzhou CHN"]
[Date "2014.06.25"]
[Round "1.4"]
[White "Wei Yi"]
[Black "Yu Yangyi"]
[Result "1/2-1/2"]
[WhiteElo "2634"]
[BlackElo "2675"]

1.e4 c5 2.Nf3 Nc6 3.d4 cxd4 4.Nxd4 Nf6 5.Nc3 e5 6.Ndb5 d6 7.Bg5 a6 8.Na3 b5
9.Bxf6 gxf6 10.Nd5 f5 11.Bd3 Be6 12.c3 Bg7 13.Nxb5 axb5 14.Bxb5 Bd7 15.exf5 O-O
16.O-O e4 17.a4 Re8 18.Qg4 Kh8 19.Rad1 Rb8 20.Rfe1 Ne5 21.Qxe4 Bxb5 22.axb5 Rxb5
23.f4 Rxb2 24.Kh1 Rg8 25.f6 Bxf6 26.Nxf6 Qxf6 27.fxe5 Qxe5 28.Qxe5+ dxe5
29.Rxe5 Rgxg2 30.Re8+ Kg7 31.Rg1 Rxg1+ 32.Kxg1 Rc2 33.Re3 f5 34.Rg3+ Kf6
35.Rh3 Kg6 36.Rg3+ Kf6 37.Rh3 Kg6 38.Rg3+ Kf6 39.Rh3 Kg6  1/2-1/2

[Event "5th Hainan Danzhou 2014"]
[Site "Danzhou CHN"]
[Date "2014.06.26"]
[Round "2.3"]
[White "Ma Qun"]
[Black "Wei Yi"]
[Result "1/2-1/2"]
[WhiteElo "2609"]
[BlackElo "2634"]

1.e4 c5 2.Nf3 d6 3.Bb5+ Nd7 4.O-O a6 5.Bd3 g6 6.c3 Bg7 7.Bc2 Ne5 8.Nxe5 dxe5
9.a4 b6 10.Na3 Nf6 11.Nc4 Nd7 12.d3 O-O 13.Be3 Bb7 14.Qe2 b5 15.Nd2 Qc7 16.f3 e6
17.Ra2 h6 18.Rfa1 Kh7 19.Qf2 f5 20.Qe1 Bf6 21.axb5 axb5 22.Rxa8 Rxa8 23.Rxa8 Bxa8
24.Qa1 Bc6 25.Nb3 Be7 26.Qa6 Kg7 27.Kf1 h5 28.Ke2 Kf7 29.Qa2 Qd8 30.Nd2 Qa8
31.Qb1 Qd8 32.Bb3 Bg5 33.Nf1 Bxe3 34.Nxe3 f4 35.Nf1 Nb6 36.Qa2 Qd6 37.Qa6 Qc7
38.Nd2 Kf6 39.Qa3 Nd7 40.Qa6 g5 41.h3 Ke7 42.Qa2 Qd6 43.Qa7 Qb8 44.Qa2 Qd6
45.Qa7 Qb8 46.Qa2 Qd6  1/2-1/2

[Event "5th Hainan Danzhou 2014"]
[Site "Danzhou CHN"]
[Date "2014.06.27"]
[Round "3.3"]
[White "Wei Yi"]
[Black "Xiu Deshun"]
[Result "1/2-1/2"]
[WhiteElo "2634"]
[BlackElo "2550"]

1.e4 e5 2.Nf3 Nc6 3.Bb5 a6 4.Ba4 Nf6 5.O-O Be7 6.Re1 b5 7.Bb3 d6 8.c3 O-O
9.d4 Bg4 10.d5 Na5 11.Bc2 c6 12.h3 Bc8 13.dxc6 Nxc6 14.Nbd2 h6 15.Nf1 Be6
16.Ng3 Rc8 17.Bd2 Re8 18.a4 Bf8 19.Bd3 Bc4 20.axb5 axb5 21.Bxc4 bxc4 22.Qa4 Nb8
23.Be3 Nbd7 24.Nd2 Qc7 25.Qb5 Qc6 26.Ra5 Rc7 27.Rea1 Rb8 28.Qxc6 Rxc6 29.R1a2 g6
30.Ra8 Rxa8 31.Rxa8 Kg7 32.Ra4 d5 33.exd5 Nxd5 34.Nxc4 Nxe3 35.Nxe3 Nc5 36.Ra7 Nd3
37.Rb7 Nc5 38.Rb8 f5 39.Nc4 Nd3 40.Rb7+ Kg8 41.Na5 Rc5 42.Nb3 Rd5 43.Rb6 Kf7
44.Rb7+ Kf6 45.Rb6+ Kf7 46.Rb7+ Kf6 47.Rb6+ Kf7 48.Rb7+  1/2-1/2